000 01114nam a22002297a 4500
008 081007t xxu||||| |||| 00| 0 mar
010 _aMAR-19997
020 _c100.00
035 _aMR-12655
037 _bD.B.Act /pub
082 _a616.12
100 _aआवळेकर, जयश्री चिदानंद
245 _aहृदयविकार का व कसा ? /
_cजयश्री चिदानंद आवळेकर
246 _aHardyavikar Ka va Kasaa ?
_bby Jayshree Chidanand Aavlekar
260 _aपुणे
_bपुष्कर प्रकाशन
_c2007
270 _a381 अ/1,शनिवार पेठ,कन्याशाळेजवळ
_bपुणे
_e411030
_k020-24483062
300 _a128 पृ
_c22सेमी (अजिल्द)
650 _aहृदयविकार
650 _aHeart Diseases
942 _2ddc
_cMR
_mआवळे
_h616.12
999 _c20800
_d20800